000 00456nam a22001817a 4500
003 CEME
005 20210628205041.0
008 210224b xxu||||| |||| 00| 0 eng d
020 _a0-8493-8342-0
040 _c.
082 _a515.732 TRA'P
100 _aPaularikas, Alexendar D
_973622
245 _aThe transforms and application handbook
260 _aLONDON
_bIEEE
_c1996
300 _a1103P
650 _aTRANSFORMATION
_973623
942 _cBK
_2ddc
999 _c579295
_d579295